Led Zeppelin or Pink Floyd? - Statistics

General Stats
  • This quiz has been taken 122 times
  • The average score is 36 of 40
Answer Stats
Hint Answer % Correct
Stairway To Heaven Led Zeppelin
98%
Black Dog Led Zeppelin
97%
Whole Lotta Love Led Zeppelin
96%
Rock And Roll Led Zeppelin
96%
Another Brick In The Wall, Pt.2 Pink Floyd
96%
Kashmir Led Zeppelin
95%
Heartbreaker Led Zeppelin
95%
Any Colour You Like Pink Floyd
95%
Us And Them Pink Floyd
95%
Going To California Led Zeppelin
94%
Comfortably Numb Pink Floyd
94%
Time Pink Floyd
94%
The Great Gig In The Sky Pink Floyd
94%
Money Pink Floyd
94%
Shine On You Crazy Diamond Pink Floyd
94%
Immigrant Song Led Zeppelin
93%
Over The Hills And Far Away Led Zeppelin
93%
Wish You Were Here Pink Floyd
93%
Breathe (In The Air) Pink Floyd
93%
Have A Cigar Pink Floyd
93%
Welcome To The Machine Pink Floyd
93%
Brain Damage Pink Floyd
93%
Good Times Bad Times Led Zeppelin
92%
Ramble On Led Zeppelin
92%
D'yer Mak'er Led Zeppelin
92%
When The Levee Breaks Led Zeppelin
92%
Houses Of The Holy Led Zeppelin
92%
Babe I'm Gonna Leave You Led Zeppelin
92%
Since I've Been Loving You Led Zeppelin
91%
Communication Breakdown Led Zeppelin
90%
Dogs Pink Floyd
90%
Young Lust Pink Floyd
89%
Learning To Fly Pink Floyd
88%
Hey You Pink Floyd
87%
Foll In The Rain Led Zeppelin
84%
Run Like Hell Pink Floyd
84%
Celebration Day Led Zeppelin
82%
High Hopes Pink Floyd
81%
Fearless Pink Floyd
78%
Out On The Tiles Led Zeppelin
68%
No matching quizzes found
Score Distribution
Percent of People with Each Score
Percentile by Number Answered
Your Score History
You have not taken this quiz